| 000 | 00917cam a2200301 i 4500 | ||
|---|---|---|---|
| 999 |
_c200441045 _d59257 |
||
| 003 | TR-AnTOB | ||
| 005 | 20221107170232.0 | ||
| 007 | ta | ||
| 008 | 790911t19231923nyua f 000 0 eng d | ||
| 035 | _a5361575 | ||
| 040 |
_aTXA _beng _erda _cTXA _dOCLCQ _dUtOrBLW _dTR-AnTOB |
||
| 041 | 0 | _aeng | |
| 050 | 0 | 4 |
_aHF5621 _b.A23 1923 |
| 090 |
_aHF5621 _b.A23 1923 |
||
| 245 | 1 | 0 |
_aAccountants' handbook / _cedited by Earl A. Saliers. |
| 264 | 1 |
_aNew York : _bThe Ronald press Co., _c[1923] |
|
| 264 | 4 | _c[©1923] | |
| 300 |
_axxxi, 1,675 pages : _bdiagrams ; _c19 cm |
||
| 336 |
_atext _btxt _2rdacontent |
||
| 337 |
_aunmediated _bn _2rdamedia |
||
| 338 |
_avolume _bnc _2rdacarrier |
||
| 500 | _a"List of sections" on lining-papers. | ||
| 650 | 0 |
_aAccounting _9165 |
|
| 700 | 1 |
_aSaliers, Earl A. _q(Earl Adolphus), _d1884- _eeditor _9130652 |
|
| 942 |
_2lcc _cBK |
||